00309nam a2200121Ia 4500008004100000082001800041100001400059245003800073250000800111260003600119300001000155650002200165150201s1989 xx 000 0 und d a617.6bC1989W aWHITTAKER aCOLOR ATLAS OF FORENSIC DENTISTRY a1ST bWOLFE PUBLICATIONaLONDONc1989 a1-134 aGENERAL DENTISTRY